| 000 | 00453nam a22001577a 4500 | ||
|---|---|---|---|
| 003 | BD-ChCU | ||
| 005 | 20260621110538.0 | ||
| 040 | _cBD-ChCU | ||
| 082 | _a330.909 UNW | ||
| 100 |
_aUnited Nations : Dept. of Economic & Social Affairs . _923934 |
||
| 245 |
_aWorld economic survey , 1967 ./ _cUnited Nations |
||
| 260 |
_aNew York : _bUnited Nations , _cC 1968 |
||
| 300 | _axiii ,204 p. | ||
| 650 | 0 |
_aEconomic Conditions . _923936 |
|
| 942 |
_2ddc _cBK _n0 |
||
| 999 |
_c113444 _d113444 |
||